000 00288nam a22001337a 4500
008 170717b xxu||||| |||| 00| 0 eng d
020 _a8476340081
041 _aeng
080 _a2
100 _a24
101 _aTEO
245 _aRELIGION AND CULTURE
_cMALEFIJT, A.W
942 _2udc
_cBK
999 _c21327
_d21327